[Event "NED-chT 1718"]
[Site "Netherlands"]
[Date "2017.11.04"]
[Round "3.9"]
[White "Broekmeulen, Joris"]
[Black "Van Haastert, Edwin"]
[Result "1/2-1/2"]
[WhiteElo "2200"]
[BlackElo "2446"]
[PlyCount "54"]
[EventDate "2017.09.16"]
[EventType "team-tourn"]
[EventRounds "9"]
[EventCountry "NED"]
[SourceTitle "EXT 2019"]
[Source "ChessBase"]
[SourceDate "2018.10.10"]
[SourceVersion "1"]
[SourceVersionDate "2018.10.10"]
[SourceQuality "1"]
[WhiteTeam "Calder HMC"]
[BlackTeam "Leiden LSG"]
[WhiteTeamCountry "NED"]
[BlackTeamCountry "NED"]

1. c4 e5 2. g3 c6 3. d4 e4 4. Nc3 d5 5. Qb3 dxc4 6. Qxc4 b5 7. Qb3 Qxd4 8. Be3 Qe5 9. Bg2 f5 10. Nh3 Be6 11. Qc2 Bb4 12. 0-0 Nf6 13. Rfd1 Bxc3 14. Bf4 Qc5 15. Bd6 Qb6 16. Qxc3 Nbd7 17. Nf4 Bf7 18. Bh3 g6 19. Rac1 Rc8 20. b3 c5 21. Be5 b4 22. Qb2 0-0 23. Rxd7 Nxd7 24. Bh8 Nf6 25. Bxf6 c4 26. bxc4 Bxc4 27. Bh8 Qb7 1/2-1/2

[Event "EU-Cup 31st"]
[Site "Skopje"]
[Date "2015.10.19"]
[Round "2.6"]
[White "Byrne, Ray"]
[Black "Broekmeulen, Joris"]
[Result "0-1"]
[WhiteElo "1990"]
[BlackElo "2138"]
[PlyCount "108"]
[EventDate "2015.10.18"]
[EventType "team-swiss"]
[EventRounds "7"]
[EventCountry "MKD"]
[SourceTitle "CBM 169"]
[Source "ChessBase"]
[SourceDate "2015.11.10"]
[SourceVersion "1"]
[SourceVersionDate "2015.11.10"]
[SourceQuality "1"]
[WhiteTeam "Gonzaga"]
[BlackTeam "Calder HMC"]
[WhiteTeamCountry "IRL"]
[BlackTeamCountry "NED"]

1. d4 d6 2. c4 f5 3. Nc3 Nf6 4. g3 g6 5. Bg2 Bg7 6. Nf3 0-0 7. 0-0 Qe8 8. d5 Na6 9. b3 Ne4 10. Nxe4 Bxa1 11. Neg5 Bf6 12. Nd4 Nc5 13. b4 e5 14. dxe6 Ne4 15. Nxe4 fxe4 16. Bxe4 c6 17. b5 Bxe6 18. bxc6 Bxc4 19. Bf3 d5 20. cxb7 Rb8 21. Nb3 Qb5 22. Bh6 Rf7 23. Qd2 Rbxb7 24. Na5 Rbd7 25. Bg4 Rde7 26. Nxc4 dxc4 27. Rd1 c3 28. Qc2 Re8 29. Rb1 Qc5 30. Qb3 Bg7 31. Bxg7 Kxg7 32. e3 Ref8 33. Rc1 h5 34. Be6 Rc7 35. Rc2 Qe5 36. Bd5 Rd8 37. Bf3 Qf6 38. Kg2 Rd6 39. h4 Rb6 40. Qd5 Rb2 41. Qd3 Rf7 42. Be4 Kh6 43. Qxc3 Qxc3 44. Rxc3 Rfxf2+ 45. Kg1 Rfd2 46. Rc1 Rxa2 47. Bf3 a5 48. Re1 Kg7 49. Be4 Re2 50. Kf1 Rxe1+ 51. Kxe1 a4 52. Bd5 Rb2 53. Kd1 a3 54. Kc1 Kf6 0-1

[Event "EU-Cup 31st"]
[Site "Skopje"]
[Date "2015.10.18"]
[Round "1.6"]
[White "Broekmeulen, Joris"]
[Black "Hracek, Zbynek"]
[Result "0-1"]
[WhiteElo "2138"]
[BlackElo "2613"]
[PlyCount "96"]
[EventDate "2015.10.18"]
[EventType "team-swiss"]
[EventRounds "7"]
[EventCountry "MKD"]
[SourceTitle "CBM 169"]
[Source "ChessBase"]
[SourceDate "2015.11.10"]
[SourceVersion "1"]
[SourceVersionDate "2015.11.10"]
[SourceQuality "1"]
[WhiteTeam "Calder HMC"]
[BlackTeam "Novy Bor"]
[WhiteTeamCountry "NED"]
[BlackTeamCountry "CZE"]

1. c4 e5 2. g3 Nf6 3. Bg2 d5 4. cxd5 Nxd5 5. Nc3 Nb6 6. e3 Nc6 7. Nge2 Be7 8. 0-0 0-0 9. f4 Bg4 10. fxe5 Nxe5 11. d4 Nc6 12. h3 Bh5 13. g4 Bg6 14. Nf4 Qd7 15. Nxg6 hxg6 16. b3 Rae8 17. Bd2 Nd8 18. Qc2 Ne6 19. Rad1 c6 20. Bc1 Bb4 21. Ne2 Qe7 22. e4 Ba3 23. Bd2 Rd8 24. Bc3 Rfe8 25. Kh1 Bd6 26. e5 Bc7 27. Nf4 Nxf4 28. Rxf4 Nd5 29. Bxd5 Rxd5 30. Rdf1 Rf8 31. a3 Qxa3 32. Ra1 Qe7 33. Rxa7 Bb6 34. Ra4 Rfd8 35. Rc4 Qe6 36. Qe4 Bc7 37. Rf3 Rb5 38. Rb4 Rxb4 39. Bxb4 Bb6 40. Rd3 Qd5 41. Qxd5 Rxd5 42. Bd6 Bxd4 43. Bb8 Kf8 44. b4 Ke7 45. b5 Ke6 46. bxc6 bxc6 47. Ra3 Bxe5 48. Ba7 c5 0-1

[Event "Maastricht Limburg op-A 9th"]
[Site "Maastricht"]
[Date "2015.05.25"]
[Round "7"]
[White "Broekmeulen, Joris"]
[Black "Blom, Vincent"]
[Result "1/2-1/2"]
[WhiteElo "2124"]
[BlackElo "2243"]
[PlyCount "22"]
[EventDate "2015.05.22"]
[EventType "swiss"]
[EventRounds "7"]
[EventCountry "NED"]
[SourceTitle "CBM 166 Extra"]
[Source "ChessBase"]
[SourceDate "2015.06.18"]
[SourceVersion "1"]
[SourceVersionDate "2015.06.18"]
[SourceQuality "1"]

1. c4 e5 2. g3 Nf6 3. Bg2 Nc6 4. Nc3 Bc5 5. Nf3 d6 6. 0-0 0-0 7. e3 a6 8. d4 Ba7 9. h3 h6 10. b3 exd4 11. exd4 Bf5 1/2-1/2

[Event "Maastricht Limburg op-A 9th"]
[Site "Maastricht"]
[Date "2015.05.24"]
[Round "4"]
[White "Broekmeulen, Joris"]
[Black "Nguyen, Kevin"]
[Result "1-0"]
[WhiteElo "2124"]
[BlackElo "2090"]
[PlyCount "51"]
[EventDate "2015.05.22"]
[EventType "swiss"]
[EventRounds "7"]
[EventCountry "NED"]
[SourceTitle "CBM 166 Extra"]
[Source "ChessBase"]
[SourceDate "2015.06.18"]
[SourceVersion "1"]
[SourceVersionDate "2015.06.18"]
[SourceQuality "1"]

1. c4 Nf6 2. g3 g6 3. Bg2 Bg7 4. Nc3 0-0 5. e4 d6 6. Nge2 e5 7. 0-0 Nc6 8. d3 Ne8 9. Be3 f5 10. Qd2 Be6 11. exf5 Bxf5 12. d4 Nf6 13. h3 Qe8 14. d5 Na5 15. b3 b6 16. g4 Bd7 17. Ng3 Nb7 18. Rae1 Qc8 19. f4 exf4 20. Bxf4 Nc5 21. b4 Na4 22. Nxa4 Bxa4 23. Re7 Bh8 24. Bh6 Re8 25. Re6 Qa6 26. Qf4 1-0

[Event "Maastricht Limburg op-A 7th"]
[Site "Maastricht"]
[Date "2013.05.20"]
[Round "6"]
[White "Broekmeulen, Joris"]
[Black "Majhi, Ankit"]
[Result "1/2-1/2"]
[WhiteElo "2019"]
[BlackElo "2078"]
[PlyCount "60"]
[EventDate "2013.05.17"]
[EventType "swiss"]
[EventRounds "7"]
[EventCountry "NED"]
[SourceTitle "EXT 2014"]
[Source "ChessBase"]
[SourceDate "2013.11.20"]
[SourceVersion "1"]
[SourceVersionDate "2013.11.20"]
[SourceQuality "1"]

1. e4 e5 2. Nf3 Nc6 3. c3 d5 4. Qa4 Bd7 5. exd5 Nd4 6. Qd1 Nxf3+ 7. Qxf3 Nf6 8. Bc4 e4 9. Qe2 Bd6 10. d3 0-0 11. dxe4 Nxe4 12. 0-0 Re8 13. Be3 Bxh2+ 14. Kxh2 Qh4+ 15. Kg1 Re5 16. Nd2 Nxd2 17. Qxd2 Qxc4 18. Rfd1 Qh4 19. Qd4 Re4 20. Qc5 Rc4 21. Qa5 b6 22. Qa6 Re8 23. Rd4 Rxd4 24. Bxd4 c5 25. Be3 Bf5 26. Rd1 Qg4 27. Rd2 h5 28. Qe2 Qg6 29. d6 Rd8 30. Bf4 Qe6 1/2-1/2

[Event "Maastricht Limburg op-A 7th"]
[Site "Maastricht"]
[Date "2013.05.20"]
[Round "7"]
[White "Hansch, Torsten"]
[Black "Broekmeulen, Joris"]
[Result "1/2-1/2"]
[WhiteElo "2120"]
[BlackElo "2019"]
[PlyCount "165"]
[EventDate "2013.05.17"]
[EventType "swiss"]
[EventRounds "7"]
[EventCountry "NED"]
[SourceTitle "EXT 2014"]
[Source "ChessBase"]
[SourceDate "2013.11.20"]
[SourceVersion "1"]
[SourceVersionDate "2013.11.20"]
[SourceQuality "1"]

1. d4 Nf6 2. c4 b6 3. Nf3 Bb7 4. g3 e5 5. dxe5 Ng4 6. Bg2 Nxe5 7. Nbd2 Bb4 8. 0-0 Bxd2 9. Bxd2 Nxf3+ 10. exf3 0-0 11. Bc3 d6 12. Qd4 f6 13. Rfe1 Nd7 14. f4 Bxg2 15. Kxg2 a5 16. Re3 Re8 17. Qd5+ Kf8 18. Rxe8+ Qxe8 19. Re1 Qd8 20. b3 Nc5 21. Re3 Qc8 22. Qh5 Qd7 23. Qxh7 Re8 24. Qh8+ Kf7 25. Qh5+ Kf8 26. Rxe8+ Qxe8 27. Qh8+ Kf7 28. Qxe8+ Kxe8 29. f5 Kd7 30. h4 d5 31. h5 Ne4 32. Bb2 dxc4 33. bxc4 Nd6 34. g4 Ke7 35. c5 bxc5 36. Kf3 Nf7 37. Ke4 c6 38. a4 Nh6 39. f3 Nf7 40. Bc3 Kd6 41. Bxa5 c4 42. Bc3 Ng5+ 43. Ke3 Nf7 44. a5 c5 45. Ke4 Ng5+ 46. Kf4 Nf7 47. Ke3 Kd5 48. Be1 Kc6 49. Bd2 Kd5 50. Ke2 Kd6 51. Bf4+ Kc6 52. Kd2 Kb5 53. Kc3 Kxa5 54. Kxc4 Kb6 55. Kd5 c4 56. Kxc4 Kc6 57. Kd4 Kd7 58. Kd5 Ke7 59. Ke4 Kf8 60. Ke3 Ke7 61. Kf2 Kf8 62. Kg3 Kg8 63. Kh4 Kh7 64. Bc7 Kg8 65. Ba5 Kh7 66. Bd2 Kg8 67. Be3 Kh7 68. Bf4 Kg8 69. g5 fxg5+ 70. Bxg5 Ne5 71. Kg3 Kf7 72. Bd2 Nd7 73. Bc3 Nb6 74. Kg4 Nd7 75. Bd4 Nf8 76. f6 gxf6 77. Kf5 Nh7 78. f4 Kg7 79. Ke6 Kh6 80. Bxf6 Kxh5 81. Kf7 Kg4 82. Be5 Kf5 83. Kg7 1/2-1/2

[Event "Maastricht Limburg op-B 5th"]
[Site "Maastricht"]
[Date "2011.06.12"]
[Round "5"]
[White "Broekmeulen, Joris"]
[Black "Zilverberg, Jasper"]
[Result "0-1"]
[WhiteElo "1882"]
[BlackElo "2028"]
[PlyCount "84"]
[EventDate "2011.06.10"]
[EventType "swiss"]
[EventRounds "7"]
[EventCountry "NED"]
[SourceTitle "EXT 2012"]
[Source "ChessBase"]
[SourceDate "2011.11.24"]
[SourceVersion "1"]
[SourceVersionDate "2011.11.24"]
[SourceQuality "1"]

1. e4 Nf6 2. Nc3 d5 3. e5 Ne4 4. d4 Nxc3 5. bxc3 c5 6. Bd3 Nc6 7. Nf3 Bg4 8. Be3 e6 9. 0-0 Be7 10. Rb1 Rb8 11. h3 Bh5 12. Be2 Qa5 13. c4 cxd4 14. Nxd4 Bxe2 15. Qxe2 Nxd4 16. Bxd4 dxc4 17. Qxc4 0-0 18. c3 Rfc8 19. Qe2 b5 20. f4 g6 21. Qf2 a6 22. f5 exf5 23. g4 f4 24. Qxf4 Qxa2 25. Ra1 Qd5 26. Rxa6 Ra8 27. Rd6 Bxd6 28. exd6 Ra2 29. Rf3 Re8 30. Rf2 Re1+ 31. Kh2 Rh1+ 32. Kg3 Rg1+ 33. Kh4 Rxf2 34. Bxf2 g5+ 35. Qxg5+ Qxg5+ 36. Kxg5 Rd1 37. Bd4 Kf8 38. Kf6 Ke8 39. Bc5 Rh1 40. d7+ Kxd7 41. Kxf7 Rxh3 42. Bd4 Rg3 0-1

[Event "Maastricht Limburg op-B 5th"]
[Site "Maastricht"]
[Date "2011.06.11"]
[Round "2"]
[White "Tsiros, Fragkiskos Vlasios"]
[Black "Broekmeulen, Joris"]
[Result "0-1"]
[WhiteElo "1708"]
[BlackElo "1882"]
[PlyCount "110"]
[EventDate "2011.06.10"]
[EventType "swiss"]
[EventRounds "7"]
[EventCountry "NED"]
[SourceTitle "EXT 2012"]
[Source "ChessBase"]
[SourceDate "2011.11.24"]
[SourceVersion "1"]
[SourceVersionDate "2011.11.24"]
[SourceQuality "1"]

1. e4 d6 2. d4 Nf6 3. Nc3 Nbd7 4. f4 e5 5. fxe5 dxe5 6. dxe5 Nxe5 7. Qxd8+ Kxd8 8. Bf4 Bd6 9. 0-0-0 Ke7 10. Nf3 Nd3+ 11. Bxd3 Bxf4+ 12. Kb1 c6 13. h3 Nd7 14. Nd4 g6 15. Rhf1 Bc7 16. b4 Ne5 17. Nf3 Be6 18. Ng5 Bd7 19. Rd2 f6 20. Nf3 b5 21. a3 a5 22. Bxb5 axb4 23. axb4 Rhb8 24. Kb2 cxb5 25. Nd5+ Kd8 26. Nxe5 Bxe5+ 27. c3 Ra6 28. Rfd1 Rb7 29. Kb3 Rba7 30. Rb2 Be6 31. Kc2 Rd7 32. Ne3 Ra3 33. Rxd7+ Kxd7 34. Nd1 Bc4 35. Kd2 Bf1 36. Ke1 Bd3 37. Rd2 Bxc3 38. Nxc3 Rxc3 39. Kf2 Ke6 40. Ke3 Bc4+ 41. Kd4 Rb3 42. Kc5 Ra3 43. Re2 Ke5 44. Re1 Ra2 45. g4 Rh2 46. Re3 Kf4 47. Ra3 Kxe4 48. Ra6 Ke5 49. Ra3 f5 50. gxf5 gxf5 51. Rg3 f4 52. Rg5+ Ke4 53. Rh5 f3 54. Rxh7 f2 55. Re7+ Kf3 0-1

[Event "Maastricht Limburg op-B 4th"]
[Site "Maastricht"]
[Date "2010.05.22"]
[Round "2"]
[White "Frijns, Raoul"]
[Black "Broekmeulen, Joris"]
[Result "0-1"]
[WhiteElo "1729"]
[BlackElo "1864"]
[PlyCount "42"]
[EventDate "2010.05.21"]
[EventType "swiss"]
[EventRounds "7"]
[EventCountry "NED"]
[SourceTitle "EXT 2011"]
[Source "ChessBase"]
[SourceDate "2010.11.26"]
[SourceVersion "1"]
[SourceVersionDate "2010.11.26"]
[SourceQuality "1"]

1. d4 Nf6 2. Bg5 e6 3. e4 Be7 4. e5 Ne4 5. Bxe7 Qxe7 6. c3 f6 7. Bd3 Ng5 8. Qh5+ Nf7 9. f4 f5 10. Nf3 b6 11. Nbd2 Bb7 12. 0-0 Nc6 13. b4 g6 14. Qh4 Qxh4 15. Nxh4 Ne7 16. a3 h6 17. c4 g5 18. fxg5 hxg5 19. Nhf3 Ng6 20. g4 Nf4 21. Bc2 fxg4 0-1

[Event "Maastricht Limburg op"]
[Site "Maastricht"]
[Date "2008.05.12"]
[Round "6"]
[White "Larmuseau, Michiel"]
[Black "Broekmeulen, Joris"]
[Result "1-0"]
[WhiteElo "1952"]
[BlackElo "1862"]
[PlyCount "81"]
[EventDate "2008.05.09"]
[EventType "swiss"]
[EventRounds "7"]
[EventCountry "NED"]
[SourceTitle "EXT 2009"]
[Source "ChessBase"]
[SourceDate "2008.11.26"]
[SourceVersion "1"]
[SourceVersionDate "2008.11.26"]
[SourceQuality "1"]

1. e4 c5 2. Nc3 Nc6 3. f4 d6 4. Nf3 g6 5. Bb5 Bg7 6. Bxc6+ bxc6 7. 0-0 e6 8. d3 Ne7 9. Qe1 0-0 10. Qh4 f5 11. e5 dxe5 12. fxe5 Nd5 13. Bg5 Qc7 14. Rfe1 Re8 15. Na4 Rb8 16. b3 Bf8 17. Qf2 h6 18. Bc1 Qe7 19. Nd2 Ba6 20. Nf1 Nb6 21. Nb2 Bg7 22. Nd2 Qc7 23. Qe2 Rbd8 24. Nbc4 Bxc4 25. bxc4 Nd7 26. Bb2 Rb8 27. Nb3 Kh7 28. Qe3 g5 29. Bc3 f4 30. Qe4+ Kg8 31. Nd2 Rf8 32. Qg6 Rbe8 33. Ne4 Nxe5 34. Nf6+ Rxf6 35. Qxe8+ Rf8 36. Qxe6+ Nf7 37. Bxg7 Kxg7 38. Rab1 f3 39. gxf3 Qf4 40. Rb7 Qd4+ 41. Kg2 1-0

[Event "Twente Young Master op-A"]
[Site "Twente"]
[Date "2007.08.11"]
[Round "9"]
[White "Broekmeulen, Joris"]
[Black "Hooghwerff, Ruben"]
[Result "1-0"]
[WhiteElo "1880"]
[BlackElo "1571"]
[PlyCount "37"]
[EventDate "2007.08.06"]
[EventType "swiss"]
[EventRounds "9"]
[EventCountry "NED"]
[SourceTitle "EXT 2008"]
[Source "ChessBase"]
[SourceDate "2007.11.25"]
[SourceVersion "1"]
[SourceVersionDate "2007.11.25"]
[SourceQuality "1"]

1. e4 e5 2. Nf3 Nc6 3. Bb5 a6 4. Ba4 Nf6 5. Qe2 b5 6. Bb3 Be7 7. c3 d6 8. d3 Be6 9. Bc2 h6 10. 0-0 0-0 11. Nbd2 Nh5 12. Nb3 Nf4 13. Bxf4 exf4 14. Nbd2 b4 15. d4 Bg4 16. Qd3 bxc3 17. bxc3 Qd7 18. Rfe1 d5 19. exd5 1-0

[Event "Twente Young Master op-A"]
[Site "Twente"]
[Date "2007.08.10"]
[Round "8"]
[White "Beukema, Stefan"]
[Black "Broekmeulen, Joris"]
[Result "1/2-1/2"]
[WhiteElo "1946"]
[BlackElo "1880"]
[PlyCount "115"]
[EventDate "2007.08.06"]
[EventType "swiss"]
[EventRounds "9"]
[EventCountry "NED"]
[SourceTitle "EXT 2008"]
[Source "ChessBase"]
[SourceDate "2007.11.25"]
[SourceVersion "1"]
[SourceVersionDate "2007.11.25"]
[SourceQuality "1"]

1. e4 c5 2. Nf3 d6 3. d4 cxd4 4. Nxd4 Nf6 5. Nc3 a6 6. f4 e6 7. Be3 Qc7 8. Qf3 Nc6 9. g4 Nxd4 10. Bxd4 e5 11. Be3 Bxg4 12. Qg3 Be6 13. f5 Bd7 14. 0-0-0 Bc6 15. Bg2 b5 16. a3 Qb7 17. Bf3 a5 18. Bg5 b4 19. Nd5 Bxd5 20. exd5 bxa3 21. bxa3 Rb8 22. Rd3 Qb2+ 23. Kd2 Rc8 24. Rc1 Kd7 25. Qg1 Rb8 26. Qa7+ Rb7 27. Qxa5 Qb5 28. Qxb5+ Rxb5 29. Rb3 Rxb3 30. cxb3 Be7 31. Bxf6 Bxf6 32. Rc4 Rb8 33. Kc2 Ra8 34. a4 Bd8 35. Bh5 g6 36. Bg4 Ke7 37. Rb4 Rc8+ 38. Kb2 Rc5 39. fxg6 hxg6 40. Rb7+ Rc7 41. Rxc7+ Bxc7 42. Kc3 f5 43. Bd1 Bb6 44. b4 e4 45. a5 Bg1 46. h3 Kf6 47. b5 Ke5 48. Kc4 f4 49. b6 f3 50. Kb5 Kf4 51. a6 e3 52. b7 e2 53. Bxe2 fxe2 54. b8Q e1Q 55. Qxd6+ Kg5 56. Qd8+ Kh6 57. Qh8+ Kg5 58. Qd8+ 1/2-1/2

[Event "Twente Young Master op-A"]
[Site "Twente"]
[Date "2007.08.09"]
[Round "6"]
[White "Bomans, Arno"]
[Black "Broekmeulen, Joris"]
[Result "0-1"]
[WhiteElo "1696"]
[BlackElo "1880"]
[PlyCount "102"]
[EventDate "2007.08.06"]
[EventType "swiss"]
[EventRounds "9"]
[EventCountry "NED"]
[SourceTitle "EXT 2008"]
[Source "ChessBase"]
[SourceDate "2007.11.25"]
[SourceVersion "1"]
[SourceVersionDate "2007.11.25"]
[SourceQuality "1"]

1. e4 c5 2. a3 Nc6 3. b4 e6 4. Nf3 cxb4 5. axb4 Bxb4 6. Bb2 Bf8 7. Na3 a6 8. e5 d5 9. exd6 Qxd6 10. Nc4 Qd8 11. Nfe5 Nxe5 12. Nxe5 Nf6 13. Qf3 Bb4 14. c3 Bd6 15. Nc4 Be7 16. Bd3 0-0 17. 0-0 Qd5 18. Qe2 Qd8 19. Ne5 Bd7 20. c4 Qc7 21. f4 Qb6+ 22. Kh1 Qxb2 23. f5 Rad8 24. Rab1 Qd4 25. Rxb7 Bd6 26. Nxd7 Rxd7 27. Rxd7 Nxd7 28. fxe6 Ne5 29. exf7+ Rxf7 30. Rxf7 Nxf7 31. g3 Ne5 32. Be4 Nxc4 33. Bxh7+ Kxh7 34. Qh5+ Kg8 35. Qe8+ Bf8 36. Qe6+ Kh7 37. Qf5+ Kh6 38. Qxf8 Qf6 39. Qh8+ Kg6 40. Qe8+ Kf5 41. Qd7+ Kg5 42. h4+ Kh6 43. Qd3 Ne5 44. Qe3+ Kh5 45. Kg1 Ng4 46. Qe2 Qe5 47. Qf3 Qe1+ 48. Kg2 Qxd2+ 49. Kf1 Qf2+ 50. Qxf2 Nxf2 51. Kxf2 Kg4 0-1

[Event "Twente Young Master op-A"]
[Site "Twente"]
[Date "2007.08.08"]
[Round "4"]
[White "Prill, Daniel"]
[Black "Broekmeulen, Joris"]
[Result "1/2-1/2"]
[WhiteElo "2085"]
[BlackElo "1880"]
[PlyCount "33"]
[EventDate "2007.08.06"]
[EventType "swiss"]
[EventRounds "9"]
[EventCountry "NED"]
[SourceTitle "EXT 2008"]
[Source "ChessBase"]
[SourceDate "2007.11.25"]
[SourceVersion "1"]
[SourceVersionDate "2007.11.25"]
[SourceQuality "1"]

1. e4 c5 2. Nf3 d6 3. d4 cxd4 4. Nxd4 Nf6 5. Nc3 a6 6. Bc4 e6 7. Bb3 Nc6 8. Be3 Bd7 9. g4 Nxd4 10. Bxd4 e5 11. Be3 Bxg4 12. f3 Bd7 13. Nd5 Qa5+ 14. Bd2 Qd8 15. Be3 Qa5+ 16. Bd2 Qd8 17. Be3 1/2-1/2

[Event "Twente Young Master op-A"]
[Site "Twente"]
[Date "2007.08.06"]
[Round "2"]
[White "Provoost, Simon"]
[Black "Broekmeulen, Joris"]
[Result "0-1"]
[WhiteElo "2116"]
[BlackElo "1880"]
[PlyCount "102"]
[EventDate "2007.08.06"]
[EventType "swiss"]
[EventRounds "9"]
[EventCountry "NED"]
[SourceTitle "EXT 2008"]
[Source "ChessBase"]
[SourceDate "2007.11.25"]
[SourceVersion "1"]
[SourceVersionDate "2007.11.25"]
[SourceQuality "1"]

1. c4 c5 2. Nc3 d6 3. g3 Nc6 4. Bg2 g6 5. d3 Bg7 6. Nf3 e6 7. 0-0 Nge7 8. Rb1 0-0 9. a3 Rb8 10. Bg5 h6 11. Bd2 b6 12. b4 Bb7 13. Qc1 Kh7 14. Rd1 Nd4 15. Nxd4 cxd4 16. Na2 Bxg2 17. Kxg2 Qd7 18. a4 Rbc8 19. Qa3 e5 20. Rdc1 f5 21. a5 f4 22. f3 Nf5 23. g4 Ne3+ 24. Bxe3 fxe3 25. b5 Rce8 26. h3 h5 27. Rh1 Qe7 28. Nb4 Qh4 29. Rbf1 Bh6 30. Nd5 Bf4 31. Nxf4 exf4 32. Rh2 Qe7 33. Ra1 Rb8 34. Qb2 Qg7 35. Rhh1 Rb7 36. Ra2 Rc8 37. Ra4 Rc5 38. axb6 axb6 39. Qb3 Qf6 40. Qb4 d5 41. Rd1 dxc4 42. dxc4 Rbc7 43. Qe1 Rxc4 44. Ra8 Rc2 45. Kg1 Rb2 46. gxh5 gxh5 47. Kh1 Qf5 48. Kh2 Rcc2 49. Ra7+ Kh6 50. Kg1 Rxe2 51. Qh4 Qg6+ 0-1

[Event "Hengelo U16 op"]
[Site "Hengelo"]
[Date "2005.08.13"]
[Round "9"]
[White "Ouwendijk, Vincent"]
[Black "Broekmeulen, Joris"]
[Result "1-0"]
[WhiteElo "2055"]
[BlackElo "1753"]
[PlyCount "117"]
[EventDate "2005.08.??"]
[EventType "swiss"]
[EventRounds "9"]
[EventCountry "NED"]
[SourceTitle "CBM 107 Extra"]
[Source "ChessBase"]
[SourceDate "2005.09.01"]
[SourceVersion "1"]
[SourceVersionDate "2005.09.01"]
[SourceQuality "1"]

1. Nc3 d5 2. e4 d4 3. Nce2 e5 4. Ng3 Be6 5. Nf3 f6 6. Bb5+ c6 7. Ba4 Nd7 8. Bb3 Bxb3 9. axb3 g6 10. 0-0 Ne7 11. c3 c5 12. b4 dxc3 13. bxc3 cxb4 14. cxb4 Bg7 15. d4 0-0 16. Qb3+ Kh8 17. Rd1 Qe8 18. Bb2 Nc6 19. d5 Ne7 20. Rdc1 Qd8 21. b5 Nb6 22. Ba3 Re8 23. d6 Nec8 24. Rc7 Nxd6 25. Bxd6 Qxd6 26. Qf7 Qf8 27. Rxb7 Qxf7 28. Rxf7 Nc8 29. Rd1 Nb6 30. Rc1 Rec8 31. Rcc7 Rxc7 32. Rxc7 Nc8 33. Ne2 Nd6 34. Nc3 Rc8 35. Rc6 Bf8 36. Kf1 Kg8 37. Ke2 Kf7 38. Kd3 Ke6 39. Ra6 Rc7 40. Nd5 Rb7 41. Nd2 Kf7 42. Nc4 Ne8 43. Na5 Rxb5 44. Rxa7+ Kg8 45. Nc6 Rc5 46. Nd8 Rc8 47. Ne6 Bd6 48. g3 f5 49. Ng5 h5 50. exf5 gxf5 51. Nf7 Bc5 52. Nh6+ Kh8 53. Rf7 Nd6 54. Rd7 Ne4 55. f3 Ng5 56. f4 Nf3 57. Nf6 e4+ 58. Ke2 Nd4+ 59. Kf1 1-0